书目信息 |
| 题名: |
地学信息工程实用软件教程
|
|
| 作者: | 陈三明 主编 ;胡建明 , 丁彦礼 , 程亚平 副主编 | |
| 分册: | ||
| 出版信息: | 北京 冶金工业出版社 2009.10 |
|
| 页数: | 271页 | |
| 开本: | 26cm | |
| 丛书名: | ||
| 单 册: | ||
| 中图分类: | P285.1 | |
| 科图分类: | ||
| 主题词: | 地质图--计算机制图--应用软件--高等学校--教材 | |
| 电子资源: | ||
| ISBN: | 978-7-5024-5096-0 | |
| 000 | 01245nam0 2200289 450 | |
| 001 | 012010610894 | |
| 005 | 20100617150119.99 | |
| 009 | 012004405497 | |
| 010 | @a978-7-5024-5096-0@dCNY36.00 (含光盘) | |
| 010 | @a978-7-89992-879-0@b光盘 | |
| 100 | @a20100515d2009 em y0chiy0110 ea | |
| 101 | 0 | @achi |
| 102 | @aCN@b110000 | |
| 105 | @ay z 000yy | |
| 200 | 1 | @a地学信息工程实用软件教程@Adi xue xin xi gong cheng shi yong ruan jian jiao cheng@f陈三明主编@g胡建明, 丁彦礼, 程亚平副主编 |
| 210 | @a北京@c冶金工业出版社@d2009.10 | |
| 215 | @a271页@d26cm@e光盘1片 | |
| 300 | @a高等学校教学用书 | |
| 330 | @a本书共分三篇:第一篇以地质CAD、地球化学地球物理图件制作为主的相关软件群为主,并对制图中使用的坐标概念及变换进行了阐述;第二篇以MAPGIS在地质制图中的使用为主,以实例的形式阐述MAPGIS如何以标准规范的形式快速制图,尤其是对地球化学图件的绘制进行了更为详细的引导;第三篇进入到三维领域,讲述地下三维模拟系统3DMine软件的使用。 | |
| 606 | 0 | @a地质图@x计算机制图@x应用软件@x高等学校@j教材 |
| 690 | @aP285.1@v4 | |
| 701 | 0 | @a陈三明@Achen san ming@4主编 |
| 702 | 0 | @a胡建明@Ahu jian ming@4副主编 |
| 702 | 0 | @a丁彦礼@Ading yan li@4副主编 |
| 702 | 0 | @a程亚平@Acheng ya ping@4副主编 |
| 801 | 0 | @aCN@c20100515 |
| 905 | @dP285.1@eC554@f3 | |
| 地学信息工程实用软件教程/陈三明主编/胡建明, 丁彦礼, 程亚平副主编.-北京:冶金工业出版社,2009.10 |
| 271页;26cm+光盘1片 |
| 高等学校教学用书 |
| ISBN 978-7-5024-5096-0:CNY36.00 (含光盘) |
| 本书共分三篇:第一篇以地质CAD、地球化学地球物理图件制作为主的相关软件群为主,并对制图中使用的坐标概念及变换进行了阐述;第二篇以MAPGIS在地质制图中的使用为主,以实例的形式阐述MAPGIS如何以标准规范的形式快速制图,尤其是对地球化学图件的绘制进行了更为详细的引导;第三篇进入到三维领域,讲述地下三维模拟系统3DMine软件的使用。 |
| ● |
| 相关链接 |
|
|
|
正题名:地学信息工程实用软件教程
索取号:P285.1/C554
 
预约/预借
| 序号 | 登录号 | 条形码 | 馆藏地/架位号 | 状态 | 备注 |
| 1 | 987223 | 209872235 | 社科二线400B/400B社科库 2排1列6层/ [索取号:P285.1/C554] | 在馆 | |
| 2 | 987224 | 209872244 | 自科库401/401自科库 125排2列3层/ [索取号:P285.1/C554] | 在馆 | |
| 3 | 987225 | 209872253 | 社科二线400B/400B社科库 2排1列6层/ [索取号:P285.1/C554] | 在馆 |